=LDR 00000nam 2200000 4500 =001 INLIS000000000029010 =005 20210415101646 =035 ##$$a 0010-061300000029010 =008 210415################c##########0#ind## =041 ##$$a Ind =082 ##$$a 028.5 =090 ##$$a 028.5, Pad s =100 ##$$a Padmini, Dyah =245 1#$$a Sebuah penantian yang panjang, /$c Dyah Padmini =260 ##$$a Bandung :$b angkasa,$c 1996 =300 ##$$a vii, 66 hlm, : $b ilus, ; $c 22 x 17 cm =650 #4$$a Bacaan anak-anak =850 ##$$a NBPNMAT =084 ##$$a 028.5 PAD s =990 ##$$a 06950695 =990 ##$$a 10401782